00570 a2200157 4500010001400000020002300014035001300037037001500050082001000065100002500075245008600100260003700186270010900223300003000332500005000362 aENG-88250 a8173200712c490.00 aEN-71783 bDBAD / PUB14a737.41 aSrivastava, Prashant1 aThe apracharajas:cby Prashant Srivastavaba history based coins and inscriptions aDelhibAgam Kala Prakashanc2007 a34, Central Market, Ashok Vihar,b Delhic110 052mharanand@rediffmail.comk011-27212195l91-11-27212195 aviii, 139 p.c22cm (Hb.) aIncludes bibliograpgical references and index